Municipality Type Based Effectiveness of Administrative Services in Czech Republic
Analýza efektívnosti správneho systému v ČR (metódou DEA) ako výsledku jeho dizajnu (veľkosť správnych jednotiek) a poskytovaných služieb (realizovaných kompetencií).
Na minha lista:
| Autor principal: | |
|---|---|
| Formato: | Capítulo de Livro |
| Idioma: | inglês |
| Assuntos: | |
| Tags: |
Sem tags, seja o primeiro a adicionar uma tag!
|
MARC
| LEADER | 00000naa$a2200000$$$4500 | ||
|---|---|---|---|
| 001 | 0247518 | ||
| 005 | 20240502083659.8 | ||
| 041 | 0 | |a eng | |
| 044 | |a CZ | ||
| 245 | 1 | 0 | |a Municipality Type Based Effectiveness of Administrative Services in Czech Republic |c Tomáš Černěnko |
| 520 | |a Analýza efektívnosti správneho systému v ČR (metódou DEA) ako výsledku jeho dizajnu (veľkosť správnych jednotiek) a poskytovaných služieb (realizovaných kompetencií). | ||
| 610 | 2 | 0 | |a správa verejná |
| 610 | 2 | 0 | |a rozvoj regionálny |
| 610 | 2 | 0 | |a služby verejné |
| 610 | 2 | 0 | |a efektívnosť |
| 610 | 2 | 0 | |a obce |
| 610 | 2 | 0 | |a modelovanie ekonometrické |
| 610 | 2 | 0 | |a Česko |
| 100 | 1 | |a Černěnko, Tomáš, 1981- | |